000 00884cab a2200289 4500
001 WB3225-02
008 090401t1996 xxu||||| |||| 00| 0 eng d
035 _a(Sirsi) u39911
041 _aeng
245 _aMove to reduce building costs
260 _c1996
350 _a0
490 _aFinancial Times
_v27 June 1996, 9(1)
520 _aOutlines an initiative to reduce construction costs of chemical works, oil refineries and other process plant by 30%.
650 _aACHIEVING COMPETITIVENESS THROUGH INNOVATION AND VALUE ENGINEERING
650 _aACTIVE
650 _aBUILT ENVIRONMENT-BUILDING COSTS
650 _aCHEMICAL WORKS
650 _aCOST REDUCTION
650 _aOIL REFINERIES
650 _aPROCESS PLANT
650 _aREDUCTION
650 _aVALUE ENGINEERING
690 _aBUILT ENVIRONMENT-BUILDING COSTS
942 _n0
948 _c04/03/1997
999 _c25548
_d25548